| 000 | 00536nam a2200229Ia 4500 | ||
|---|---|---|---|
| 003 | GCL | ||
| 005 | 20240530100756.0 | ||
| 008 | 140319s9999 xx 000 0 eng d | ||
| 040 |
_aGCL / _cGCL |
||
| 082 | 0 | 4 |
_a746.72 _bH L |
| 100 | 1 | _aHULL, ALAS | |
| 245 | 1 | 0 |
_aLIVING WITH KILIMS / _cHULL, ALAS |
| 260 |
_a[S.N] : _bTHAMES AND HUDSON ، _c1991 |
||
| 300 | _a192 P | ||
| 650 | 0 | 4 | _aARTS |
| 650 | 0 | 4 | _aCARPETS |
| 650 | 0 | 4 | _aDECORATION |
| 650 | 0 | 4 | _aRUGS |
| 650 | 0 | 4 | _aKILIMS |
| 700 | 1 | _aBARNARD, NICHOLAS | |
| 942 |
_2ddc _cBK |
||
| 999 |
_c20768 _d20768 |
||